Retreat, defiance and revolt : the dialectics of the pastoral in five English novels from Bronte to Lawrence /
Saved in:
| Main Author: | |
|---|---|
| Format: | Thesis Book |
| Language: | English |
| Published: |
1983
|
| Subjects: | |
| Tags: |
Add Tag
No Tags, Be the first to tag this record!
|
| LEADER | 00912cam a2200253 4500 | ||
|---|---|---|---|
| 001 | u36129 | ||
| 003 | SIRSI | ||
| 008 | 850312s1983 si v 0 eng | ||
| 015 | |a X850001329 | ||
| 035 | |a AAD-8906 | ||
| 040 | |a UMM | ||
| 090 | 0 | 0 | |a PR830 |b P3Ismst |
| 100 | 0 | 0 | |a Ismail Said Talib |
| 245 | 1 | 0 | |a Retreat, defiance and revolt : |b the dialectics of the pastoral in five English novels from Bronte to Lawrence / |c Ismail bin Talib |
| 260 | |c 1983 | ||
| 300 | |a vi, 124 p. ; |c 30 cm. | ||
| 500 | |a Typescript | ||
| 502 | |a Dissertation (M.A.) -- National University of Singapore, 1983 | ||
| 504 | 0 | 0 | |a Bibliography: leaves 107-124 |
| 650 | 0 | |a Pastoral fiction, English |x History and criticism | |
| 650 | 0 | |a English fiction |y 19th century |x History and criticism | |
| 948 | |a 16/03/1991 |b 22/06/2002 | ||
| 596 | |a 1 | ||
| 999 | |a PR830 P3ISMST |w LC |c 1 |i A002855674 |d 6/5/2012 |e 6/5/2012 |l STACKS |m P01UTAMA |n 1 |r Y |s Y |t TESIS |u 23/1/1992 | ||
